000 00453nam a22001697a 4500
005 20240731100647.0
008 240731b |||||||| |||| 00| 0 eng d
082 _a330.0151
_bGUJ-B
100 _aGujarati, Damodar.N
245 _aBasic Econometrics/
_cDamodar N. Gujarati
250 _a4th ed.
260 _aUSA;
_bWest Point;
300 _axxix, 1002 p.:
_bill;
_c23.5 cm.
500 _aInclude suject index.
650 _aEconomics
999 _c36239
_d36239